000 00775nam a2200217Ia 4500
003 GCL
008 140319s9999 xx 000 0 ara d
040 _aGCL /
_cGCL
082 0 4 _a811.082
_bا و
100 1 _aاحمد امام الشويخ
245 1 0 _aوسط الزحام :
_bشعر /
_cاحمد امام الشويخ
250 _aالاولى
260 _aالقاهرة :
_bالهيئة العامة لقصور الثقافة ،
_c2000
300 _a111 ص ؛
_c12 سم
490 _aابداعات
_v118
650 0 4 _aالشعر
650 0 4 _aالشعر العربى - العصر الحديث
650 0 4 _aالشعر - العصر الحديث
650 0 4 _aالشعر العربى - مصر - تاريخ ونقد - العصر الحديث
942 _2ddc
_cBK
999 _c9608
_d9608